Триботехнология: учебное пособие для академического бакалавриата

Detalles Bibliográficos
Autor Principal: Горленко А. О. Александр Олегович
Outros autores: Горленко О. А. Олег Александрович, Проскурин А. С. Александр Сергеевич
Summary:Учебное пособие посвящено проблемам технологического обеспечения и повышения долговечности деталей машин. В нем представлены вопросы качества и износостойкости деталей узлов трения, прогрессивные триботехнологии, а также способы обработки поверхностей трения.
Idioma:ruso
Publicado: Москва, Юрайт, 2019
Edición:2-е изд., испр. и доп.
Series:Бакалавр. Академический курс
Subjects:
Formato: Libro
KOHA link:https://koha.lib.tpu.ru/cgi-bin/koha/opac-detail.pl?biblionumber=326468

MARC

LEADER 00000nam0a2200000 4500
001 326468
005 20231102003851.0
010 |a 9785534016918 
035 |a (RuTPU)RU\TPU\book\352116 
090 |a 326468 
100 |a 20161228d2019 m y0rusy50 ca 
101 0 |a rus 
102 |a RU 
105 |a a j 001zy 
200 1 |a Триботехнология  |e учебное пособие для академического бакалавриата  |f А. О. Горленко, О. А. Горленко, А. С. Проскурин 
205 |a 2-е изд., испр. и доп. 
210 |a Москва  |c Юрайт  |d 2019 
215 |a 187 с.  |c ил. 
225 1 |a Бакалавр. Академический курс 
320 |a Библиогр.: с. 155-156 
330 |a Учебное пособие посвящено проблемам технологического обеспечения и повышения долговечности деталей машин. В нем представлены вопросы качества и износостойкости деталей узлов трения, прогрессивные триботехнологии, а также способы обработки поверхностей трения. 
606 1 |a Триботехника  |2 stltpush  |3 (RuTPU)RU\TPU\subj\61596  |9 78781 
610 1 |a узлы трения 
610 1 |a качество 
610 1 |a износостойкость 
610 1 |a триботехнология 
610 1 |a поверхности трения 
610 1 |a обработка 
610 1 |a способы 
610 1 |a детали 
610 1 |a поверхностный слой 
610 1 |a эксплуатационные показатели 
610 1 |a учебные пособия 
675 |a 621.891(075.8)  |v 4 
700 1 |a Горленко  |b А. О.  |g Александр Олегович 
701 1 |a Горленко  |b О. А.  |g Олег Александрович 
701 1 |a Проскурин  |b А. С.  |g Александр Сергеевич 
801 1 |a RU  |b 63413507  |c 20161228 
801 2 |a RU  |b 63413507  |c 20200527  |g RCR 
942 |c BK 
959 |a 4/20170125  |d 1  |e 399,00  |f ЧЗТЛ:1